00304pab a2200121 454500008004000000100002000040245004200060260000900102300001300111362001000124650001400134773003400148180718b2011 xxu||||| |||| 00| 0 eng d aSharma, Supriya aCrisis for Dantewada's schoolchildren c2011 ap.13-14. a8 Oct aTerrorism aEconomic and Political Weekly